Spider-Man By Picture - Statistics

General Stats
  • This quiz has been taken 58 times
  • The average score is 11 of 15
Answer Stats
Picture Hint Answer % Correct
Type of Toy Lego
98%
Actor Andrew Garfield
96%
Actor Robert Downey Jr.
94%
Actress Emma Stone
92%
Actor Benedict Cumberbatch
90%
Movie Spider-Man: No Way Home
90%
Movie The Amazing Spider-Man
83%
Actor Tom Hardy
83%
Actress Zendaya
83%
Movie Spider-Man
75%
Actor Willem Dafoe
73%
Version Miles Morales
60%
Type of Toy Action Figure
56%
Actress Michelle Williams
29%
Type of Toy Pop Funko
4%
No matching quizzes found
Score Distribution
Percent of People with Each Score
Percentile by Number Answered
Your Score History
You have not taken this quiz